Обзор современных технологий для механизации сельского хозяйства; Прогрессивные технологии и экономика в машиностроении

Detalles Bibliográficos
Parent link:Прогрессивные технологии и экономика в машиностроении.— 2023.— [С. 35-37]
Autor Principal: Шарипов М. С.
Autor Corporativo: Национальный исследовательский Томский политехнический университет Юргинский технологический институт
Outros autores: Григорьева Е. Г. Екатерина Григорьевна (научный руководитель)
Summary:Заглавие с экрана
В настоящее время, повышение эффективности сельского хозяйства является актуальной. Одним из главных путей решения данного вопроса является техническая модернизация производства с использованием «умных» технологий. В данной статье произведен обзор современных исследований в области сельского хозяйства, основанного на цифровых технологиях.
Currently, improving the efficiency of agriculture is relevant. One of the main ways to solve this issue is the technical modernization of production using "smart" technologies. This article provides an overview of modern research in the field of agriculture based on digital technologies.
Idioma:ruso
Publicado: 2023
Series:Современные промышленные технологии
Subjects:
Acceso en liña:http://earchive.tpu.ru/handle/11683/76113
Formato: Electrónico Capítulo de libro
KOHA link:https://koha.lib.tpu.ru/cgi-bin/koha/opac-detail.pl?biblionumber=635602

MARC

LEADER 00000naa2a2200000 4500
001 635602
005 20231102024814.0
035 |a (RuTPU)RU\TPU\conf\37459 
035 |a RU\TPU\conf\37458 
090 |a 635602 
100 |a 20230502d2023 k y0rusy50 ca 
101 0 |a rus  |d eng 
102 |a RU 
105 |a y z 101zy 
135 |a drgn ---uucaa 
181 0 |a i  
182 0 |a b 
200 1 |a Обзор современных технологий для механизации сельского хозяйства  |f М. С. Шарипов  |g науч. рук. Е. Г. Григорьева 
203 |a Текст  |c электронный 
225 1 |a Современные промышленные технологии 
230 |a 1 компьютерный файл (pdf; 280 Kb) 
300 |a Заглавие с экрана 
320 |a [Библиогр.: с. 36-37 (4 назв.)] 
330 |a В настоящее время, повышение эффективности сельского хозяйства является актуальной. Одним из главных путей решения данного вопроса является техническая модернизация производства с использованием «умных» технологий. В данной статье произведен обзор современных исследований в области сельского хозяйства, основанного на цифровых технологиях. 
330 |a Currently, improving the efficiency of agriculture is relevant. One of the main ways to solve this issue is the technical modernization of production using "smart" technologies. This article provides an overview of modern research in the field of agriculture based on digital technologies. 
463 0 |0 (RuTPU)RU\TPU\conf\37447  |t Прогрессивные технологии и экономика в машиностроении  |o сборник трудов XIV Всероссийской научно-практической конференции для студентов и учащейся молодежи, 6-8 апреля 2023 г., Юрга  |f Национальный исследовательский Томский политехнический университет (ТПУ), Юргинский технологический институт (ЮТИ) ; под ред. С. А. Солодского  |v [С. 35-37]  |d 2023 
610 1 |a электронный ресурс 
610 1 |a труды учёных ТПУ 
610 1 |a автоматизация 
610 1 |a механизация 
610 1 |a современные технологии 
610 1 |a агророботы 
610 1 |a сельское хозяйство 
610 1 |a automation 
610 1 |a mechanization 
610 1 |a modern technologies 
610 1 |a agricultural robots 
700 1 |a Шарипов  |b М. С. 
702 1 |a Григорьева  |b Е. Г.  |c специалист в области сварочного производства  |c старший преподаватель Юргинского технологического института (филиала) Томского политехнического университета  |f 1987-  |g Екатерина Григорьевна  |2 stltpush  |4 727  |9 16338 
712 0 2 |a Национальный исследовательский Томский политехнический университет  |b Юргинский технологический институт  |c (2009- )  |h 349  |2 stltpush  |3 (RuTPU)RU\TPU\col\15903 
801 2 |a RU  |b 63413507  |c 20230615  |g RCR 
856 4 |u http://earchive.tpu.ru/handle/11683/76113 
942 |c BK